00522nam a2200157Ia 450000500170000000800410001710000240005824500900008225000110017226000150018330000110019865000150020994200070022499900170023195201160024820260328104311.0260328s9999||||xx |||||||||||||| ||und|| aCos Pinto, Jesus de 0aFormas + Estructura :b la organización del Espacio Interior /cJesus de Cos Pinto a1a ed. bPromopress a175 p. aESTRUCTURA cBK c10952d10952 001040708GENaGPCbGPCcGENd2026-03-28i5194l0o690.1 C 8201p5194r2026-03-28 15:43:11t1w2026-03-28yBK